000 00634nam a2200169Ia 4500
008 090711s9999 xx 000 0 und d
082 _b55751
100 _aसाठवणे पां. आ.
245 _aसर्व रोगावर आयुर्वेदीक Sाूर्ण
260 _c1987
300 _a48
600 _aसाठवणे पां. आ.
630 _aसर्व रोगावर आयुर्वेदीक Sाूर्ण
700 _aसाठवणे पां. आ.
730 _aसर्व रोगावर आयुर्वेदीक Sाूर्ण
942 _cBOOK
999 _c310476
_d310476